| 000 | 00378nam a22001217a 4500 | ||
|---|---|---|---|
| 008 | 210903b |||||||| |||| 00| 0 eng d | ||
| 020 | _a0387342146 | ||
| 050 |
_aHD31 _b.M36 2007 c.1 |
||
| 245 |
_aManaging in the information economy _bcurrent research issues _cEdited by Uday Apte & Uday Karmarkar |
||
| 260 |
_aNew York _bSpringer _c2007 |
||
| 300 | _ax, 471p. | ||
| 942 |
_2lcc _cBK |
||
| 999 |
_c19039 _d19039 |
||